[Event "Berkshire Berks & Bucks op-A"]
[Site "Berkshire"]
[Date "2023.08.26"]
[Round "2"]
[White "Garcia Hernandez, Oscar"]
[Black "Terler, Bohdan"]
[Result "1-0"]
[WhiteElo "2072"]
[BlackElo "1641"]
[PlyCount "173"]
[EventDate "2023.08.26"]
[EventType "swiss"]
[EventRounds "6"]
[EventCountry "ENG"]
[SourceTitle "EXT 2024"]
[Source "ChessBase"]
[SourceDate "2023.10.10"]
[SourceVersion "1"]
[SourceVersionDate "2023.10.10"]
[SourceQuality "1"]

1. e4 c6 2. Nc3 d5 3. Nf3 dxe4 4. Nxe4 Nf6 5. Qe2 Nxe4 6. Qxe4 Qa5 7. b4 Qd5 8. Qf4 Bf5 9. Bc4 Qe4+ 10. Qxe4 Bxe4 11. Bxf7+ Kxf7 12. Ng5+ Kg6 13. Nxe4 e5 14. 0-0 Nd7 15. Rb1 Nf6 16. Nxf6 gxf6 17. f4 Bd6 18. fxe5 fxe5 19. Rb3 e4 20. Re3 Rae8 21. d3 Re6 22. dxe4 Rhe8 23. Bb2 Bc7 24. Ref3 Rxe4 25. Rf6+ Kh5 26. Bc3 Bb6+ 27. Kh1 Bd4 28. R1f5+ Kh4 29. g3+ Kh3 30. Rh5+ Kg4 31. Rh4+ Kg5 32. Bxd4 Rxd4 33. Rxd4 Kxf6 34. Rd6+ Kg5 35. Rd7 h5 36. Rxb7 Re2 37. Rg7+ Kf5 38. Rf7+ Kg5 39. Rxa7 Rxc2 40. a4 Rb2 41. Rb7 Kg4 42. b5 cxb5 43. Rxb5 Ra2 44. Rb4+ Kg5 45. h3 Kg6 46. Kg1 Kh6 47. Rb6+ Kg7 48. Rb4 Kg6 49. Kf1 Kh6 50. Rb6+ Kg7 51. Rb4 Kg6 52. h4 Kg7 53. Rb5 Rxa4 54. Rxh5 Ra2 55. Re5 Kf6 56. Re2 Ra3 57. Kg2 Kf5 58. Kh3 Ra4 59. Rf2+ Kg6 60. Rf4 Ra3 61. Kg4 Ra6 62. h5+ Kh6 63. Kh4 Ra5 64. Rf6+ Kg7 65. Rg6+ Kf7 66. Rg5 Ra4+ 67. g4 Ra6 68. Rf5+ Kg7 69. Kg5 Rb6 70. Rd5 Rc6 71. Rd7+ Kg8 72. Kh4 Rc5 73. h6 Rb5 74. g5 Rb6 75. Re7 Rc6 76. Kg4 Rb6 77. Kf5 Rb5+ 78. Kf6 Rb8 79. g6 Rb6+ 80. Re6 Rb8 81. Rd6 Kh8 82. Ke7 Rf8 83. g7+ Kh7 84. gxf8N+ Kh8 85. h7 Kg7 86. Rg6+ Kh8 87. Rg8# 1-0

[Event "London Classic rapid op"]
[Site "London"]
[Date "2017.12.09"]
[Round "6.8"]
[White "Garcia Hernandez, Oscar"]
[Black "Coleman, David"]
[Result "0-1"]
[WhiteElo "2066"]
[BlackElo "2076"]
[PlyCount "54"]
[EventDate "2017.12.09"]
[EventType "swiss (rapid)"]
[EventRounds "6"]
[EventCountry "ENG"]
[SourceTitle "CBM 182 Extra"]
[Source "ChessBase"]
[SourceDate "2018.02.23"]
[SourceVersion "1"]
[SourceVersionDate "2018.02.23"]
[SourceQuality "1"]

1. e4 c5 2. Nf3 d6 3. Bb5+ Bd7 4. Bxd7+ Qxd7 5. 0-0 Nc6 6. c3 Nf6 7. Qe2 e6 8. d4 cxd4 9. cxd4 d5 10. e5 Ne4 11. Nbd2 Nxd2 12. Bxd2 Be7 13. Rac1 0-0 14. h4 Rac8 15. Bc3 f5 16. exf6 Rxf6 17. g3 Rcf8 18. Ne5 Nxe5 19. dxe5 Rf3 20. Kg2 Bc5 21. Qxf3 Rxf3 22. Kxf3 d4 23. Rcd1 Qc6+ 24. Kf4 dxc3 25. Rd8+ Kf7 26. Rfd1 cxb2 27. R8d7+ Be7 0-1

[Event "Frome op"]
[Site "Frome"]
[Date "2017.05.12"]
[Round "1"]
[White "Ponting, Andrew"]
[Black "Garcia Hernandez, Oscar"]
[Result "1/2-1/2"]
[WhiteElo "1872"]
[BlackElo "2062"]
[PlyCount "148"]
[EventDate "2017.05.12"]
[EventType "swiss"]
[EventRounds "5"]
[EventCountry "ENG"]
[SourceTitle "CBM 178 Extra"]
[Source "ChessBase"]
[SourceDate "2017.06.22"]
[SourceVersion "1"]
[SourceVersionDate "2017.06.22"]
[SourceQuality "1"]

1. d4 Nf6 2. c4 e6 3. Nc3 Bb4 4. e3 b6 5. Bd3 Bb7 6. f3 c5 7. Nge2 cxd4 8. exd4 0-0 9. 0-0 d5 10. Bg5 Be7 11. cxd5 Nxd5 12. Bxe7 Qxe7 13. Nxd5 Bxd5 14. Nf4 Bb7 15. Re1 Qd6 16. Ne2 Nc6 17. Be4 Rfd8 18. Qd3 h6 19. Rad1 e5 20. Qe3 exd4 21. Bxc6 Qxc6 22. Rxd4 Re8 23. Qd2 Qc5 24. Qc3 Qg5 25. Kf2 Rac8 26. Qd2 Qc5 27. b4 Qc2 28. Qxc2 Rxc2 29. a4 a6 30. b5 axb5 31. axb5 Re5 32. Rd7 Bc8 33. Rd8+ Kh7 34. Kg3 Bf5 35. Kf4 Rcc5 36. g4 Be6 37. Rdd1 Bb3 38. Rb1 Bc4 39. Nd4 Red5 40. Ke3 Bxb5 41. Nxb5 Rxb5 42. Ra1 Re5+ 43. Kd4 Rxe1 44. Rxe1 g5 45. Kc4 Rb2 46. Re7 Kg6 47. Rb7 Rxh2 48. Rxb6+ f6 49. Kd4 Re2 50. Kd3 Re7 51. Ra6 Rb7 52. Ke4 Rb4+ 53. Ke3 Rf4 54. Ra8 h5 55. gxh5+ Kxh5 56. Rh8+ Kg6 57. Ra8 Rb4 58. Ra6 Rb3+ 59. Ke4 Rb4+ 60. Ke3 Rc4 61. Rb6 Rc5 62. Kf2 Kf5 63. Kg3 Ke5 64. Ra6 f5 65. Rg6 Rc1 66. Rxg5 Rg1+ 67. Kh4 Rh1+ 68. Kg3 Kf6 69. f4 Rg1+ 70. Kf2 Rxg5 71. fxg5+ Kxg5 72. Kg3 f4+ 73. Kf3 Kf5 74. Kf2 Ke4 1/2-1/2